Detection and Estimation of Working Memory States and Cognitive Functions Based on Neurophysiological Measures (Record no. 15754)

MARC details
000 -LEADER
fixed length control field 00764nam a2200145Ia 4500
008 - FIXED-LENGTH DATA ELEMENTS--GENERAL INFORMATION
fixed length control field 220615s9999||||xx |||||||||||||| ||und||
020 ## - INTERNATIONAL STANDARD BOOK NUMBER
International Standard Book Number 9782890000000
022 ## - INTERNATIONAL STANDARD SERIAL NUMBER
International Standard Serial Number 16648714
245 #0 - TITLE STATEMENT
Title Detection and Estimation of Working Memory States and Cognitive Functions Based on Neurophysiological Measures
546 ## - LANGUAGE NOTE
Language note English[eng]
650 ## - SUBJECT ADDED ENTRY--TOPICAL TERM
Topical term or geographic name entry element cognitive functions||working memory||BCI (Brain Computer Interface)||EEG||fNIRS (functional near infrared spectroscopy)||Cognitive Processes
700 ## - ADDED ENTRY--PERSONAL NAME
Personal name Putze, Felix||Mühl, Christian||Lotte, Fabien||Fairclough, Stephen||Herff, Christian
856 ## - ELECTRONIC LOCATION AND ACCESS
Uniform Resource Identifier <a href="https://www.frontiersin.org/research-topics/5042/detection-and-estimation-of-working-memory-states-and-cognitive-functions-based-on-neurophysiologica">https://www.frontiersin.org/research-topics/5042/detection-and-estimation-of-working-memory-states-and-cognitive-functions-based-on-neurophysiologica</a>
942 ## - ADDED ENTRY ELEMENTS (KOHA)
Koha item type E-Books
Holdings
Withdrawn status Lost status Damaged status Not for loan Home library Current library Date acquired Total Checkouts Date last seen Price effective from Koha item type
        Kerala University of Digital Sciences, Innovation and Technology Knowledge Centre Kerala University of Digital Sciences, Innovation and Technology Knowledge Centre 15/06/2022   15/06/2022 15/06/2022 E-Books